Представление документа в формате RUSMARC

ПолеНазваниеЗначение
  Тип записи a
  Библиографический уровень a
001 Контрольный номер RU/CBS_UL/BASE/640374564
005 Дата корректировки 20240209175116.8
100 Данные общей обработки __
a Данные общей обработки 20200416d2020 ||| 0rusy0189 ca
101 Язык документа 0_
a Язык текста rus
102 Страна публикации __
a Страна публикации RU
105 Кодированные данные (монография) __
a Кодированные данные (монография) y###||||000|y
181 Поле кодированных данных: вид содержания _1
a Код вида содержания (ISBD) i#
b Код характеристики содержания (ISBD) #xxe##
d i
g x
h x
i e
182 Поле кодированных данных: тип средства _1
a Код типа средства (ISBD) n
2 Код системы (источник кода, отличный от ISBD) isbdmedia
200 Заглавие и сведения об ответственности 1_
a Заглавие Макулатура поможет Хоспису
b Общее обозначение материала Текст
e Сведения, относящиеся к заглавию [библиотеки МБУК ЦБС объявили акцию по сбору макулатуры, вырученные денежные средства пойдут в фонд помощи подопечных Хосписа]
w Текст (визуальный) : непосредственный
203 Вид содержания и тип средства __
a Вид содержания Текст
b Характеристика содержания визуальный
c Тип средства непосредственный
333 Примечание о целевом назначении __
a Примечание о целевом назначении 16+
461 Уровень набора _0
1 2000
a Ульяновск сегодня
463 Уровень физической единицы _0
1 001RU/CBS_UL/BASE/638463741
1 2000
a № 21 (13 марта)
v С. 4
1 210
d 2020
606 Тематические рубрики 0_
a Основная рубрика Библиотеки МБУК "ЦБС" (Ульяновск, город)
610 Ключевые слова 0_
a Ключевые слова библиотеки
610 Ключевые слова 0_
a Ключевые слова городские библиотеки
610 Ключевые слова 0_
a Ключевые слова библиотеки МБУК ЦБС
610 Ключевые слова 0_
a Ключевые слова МБУК ЦБС
610 Ключевые слова 0_
a Ключевые слова акции
610 Ключевые слова 0_
a Ключевые слова сбор макулатуры
610 Ключевые слова 0_
a Ключевые слова хосписы
610 Ключевые слова 0_
a Ключевые слова помощь Хоспису
686 Индексы других классификаций __
a Классификационный индекс 78.34(2)
2 Код системы rubbk
801 Источник записи _0
a Страна RU
b Организация МБУК ЦБС г. Ульяновска
c Дата составления 20200416
g Правила каталогизации RCR
801 Источник записи _1
a Страна RU
b Организация МБУК ЦБС г. Ульяновска
c Дата составления 20200416
g Правила каталогизации RCR
901 Тип документа __
t Тип документа b
w Контрольный № источника RU/CBS_UL/BASE/638463741
910 Корректоры записи __
a Корректор записи Сидоркина
938 Служебная информация __
a Имя БД kraeved